The cross-linguistic study of language acquisition

Αποθηκεύτηκε σε:
Λεπτομέρειες βιβλιογραφικής εγγραφής
Άλλοι συγγραφείς: Slobin, Dan Isaac (Επιμελητής έκδοσης)
Μορφή: Βιβλίο
Γλώσσα:English
Δημοσίευση: Hillsdale, New Jersey : Lawrence Erlbaum, 1985
Θέματα:
Ετικέτες: Προσθήκη ετικέτας
Δεν υπάρχουν, Καταχωρήστε ετικέτα πρώτοι!

MARC

LEADER 00000nam a2200000 i 4500
001 1/26187
008 020809s1985 eng d
020 |a 0-89859-367-0 
035 |l 10068206 
040 |a GR-MY-UA  |b gre  |e aacr 
041 0 |a eng 
082 0 |a 401.9 
245 1 4 |a The cross-linguistic study of language acquisition /  |c edited by Dan Isaac Slobin 
260 |a Hillsdale, New Jersey :   |b Lawrence Erlbaum,   |c 1985 
300 |a v.1 
505 0 |a v.1: The data 
650 0 0 |a Language acquisition. 
700 0 |a Slobin, Dan Isaac.  |4 edt 
852 |a INST  |b RHODES  |e 20020809  |h 401.9 CRO  |p 005400016266  |q 005400016266  |t BK  |y 0 
901 |a BIBL4-2002-2 
909 |a Ρ  |b 102349 
922 |a 4ΕΛΗ  |b 200206  |c ΚΠΣ/124 
970 |a ΚΟΥΛΑΚΙΟΤΗ  |b ΛΙΤΣΑ  |z 2002/08/22